[Event "BRA-ch U14"]
[Site "Florianopolis"]
[Date "2018.04.30"]
[Round "4"]
[White "Fukuyoshi, Thiago"]
[Black "Generoso, Vitor Manoel Da Sil"]
[Result "0-1"]
[WhiteElo "1800"]
[BlackElo "1800"]
[PlyCount "134"]
[EventDate "2018.04.28"]
[EventType "swiss"]
[EventRounds "6"]
[EventCountry "BRA"]
[SourceTitle "EXT 2021"]
[Source "ChessBase"]
[SourceDate "2020.10.23"]
[SourceVersion "1"]
[SourceVersionDate "2020.10.23"]
[SourceQuality "1"]

1. e4 e5 2. Nf3 Nc6 3. Bc4 Bc5 4. d3 Nf6 5. Nc3 d6 6. h3 0-0 7. Bd5 Nxd5 8. Nxd5 Be6 9. a3 Ne7 10. Nxe7+ Qxe7 11. Bd2 d5 12. Qe2 Rfe8 13. 0-0-0 dxe4 14. dxe4 Bxa3 15. Bc3 Rad8 16. Rxd8 Rxd8 17. Rd1 Rxd1+ 18. Kxd1 Qd6+ 19. Qd3 Qxd3+ 20. cxd3 Bd6 21. Nxe5 f6 22. Nf3 b6 23. e5 fxe5 24. Bxe5 Bc5 25. Ke2 c6 26. Bd4 Bxd4 27. Nxd4 Bd5 28. g4 Kf7 29. f3 c5 30. Nb5 a6 31. Nc7 Bb7 32. Ke3 Ke7 33. d4 Kd7 34. dxc5 bxc5 35. Nxa6 Bxa6 36. f4 Ke6 37. Kf3 Bb7+ 38. Kg3 Kf6 39. h4 Bc8 40. h5 h6 41. Kf3 Ke6 42. Ke4 Bb7+ 43. Ke3 Kd5 44. g5 Ke6 45. gxh6 gxh6 46. Kd3 Bf3 47. Kc4 Bxh5 48. Kxc5 Bf3 49. b4 h5 50. b5 h4 51. b6 h3 52. f5+ Kxf5 53. Kd6 h2 54. Kc7 h1Q 55. Kb8 Ke6 56. Ka7 Kd7 57. Ka6 Qa1+ 58. Kb5 Be2+ 59. Kc5 Qd1 60. Kb4 Qd3 61. b7 Kc6 62. b8Q Qb1+ 63. Ka5 Qxb8 64. Ka4 Kc5 65. Ka3 Kc4 66. Ka2 Kc3 67. Ka1 Qb2# 0-1